Properties of matter and acoustics/ (Record no. 13704)

MARC details
000 -LEADER
fixed length control field 00902nam a2200265 i 4500
003 - CONTROL NUMBER IDENTIFIER
control field EG-ScBUE
005 - DATE AND TIME OF LATEST TRANSACTION
control field 20250126100708.0
008 - FIXED-LENGTH DATA ELEMENTS--GENERAL INFORMATION
fixed length control field 100316s2005 ii a f 000 0 eengdd
020 ## - INTERNATIONAL STANDARD BOOK NUMBER
International Standard Book Number 8121924472
020 ## - INTERNATIONAL STANDARD BOOK NUMBER
International Standard Book Number 9788121924474
040 ## - CATALOGING SOURCE
Original cataloging agency EG-ScBUE
Language of cataloging eng
Description conventions rda
Transcribing agency EG-ScBUE
Modifying agency EG-ScBUE
082 04 - DEWEY DECIMAL CLASSIFICATION NUMBER
Edition number 22
Classification number 530
Item number MUR
100 1# - MAIN ENTRY--PERSONAL NAME
9 (RLIN) 11411
Personal name Murugeshan, R.,
Relator term author.
245 10 - TITLE STATEMENT
Title Properties of matter and acoustics/
Statement of responsibility, etc R. Murugeshan, Head of the Department of Physics, Kiruthiga Sivaprasath.
264 #1 - PUBLICATION, DISTRIBUTION, ETC. (IMPRINT)
Place of publication, distribution, etc New Delhi :
Name of publisher, distributor, etc S. Chand,
Date of publication, distribution, etc 2005.
300 ## - PHYSICAL DESCRIPTION
Extent 108 pages :
Other physical details illustrations ;
Dimensions 24 cm
336 ## - CONTENT TYPE
Source rdacontent
Content type term text
Content type code txt
337 ## - MEDIA TYPE
Media type term unmediated
Source rdamedia
Media type code n
338 ## - CARRIER TYPE
Carrier type term volume
Carrier type code nc
Source rdacarrier
650 #7 - SUBJECT ADDED ENTRY--TOPICAL TERM
9 (RLIN) 12790
Topical term or geographic name as entry element Matter
General subdivision Properties.
Source of heading or term BUEsh
650 #7 - SUBJECT ADDED ENTRY--TOPICAL TERM
9 (RLIN) 12789
Topical term or geographic name as entry element Physics.
Source of heading or term BUEsh
655 ## - INDEX TERM--GENRE/FORM
Form subdivision Reading book
700 1# - ADDED ENTRY--PERSONAL NAME
9 (RLIN) 11560
Personal name Sivaprasath, Kiruthiga,
Relator term author.
942 ## - ADDED ENTRY ELEMENTS (KOHA)
Source of classification or shelving scheme Dewey Decimal Classification
Koha item type Book - Borrowing
Holdings
Withdrawn status Lost status Source of classification or shelving scheme Damaged status Not for loan Collection code Home library Current library Shelving location Date acquired Source of acquisition Cost, normal purchase price Serial Enumeration / chronology Total Checkouts Full call number Barcode Date last seen Price effective from Koha item type
    Dewey Decimal Classification     Alahram Central Library Central Library First floor 16/03/2010 Purchase 22.50 38   530 MUR 000020240 15/07/2025 16/03/2010 Book - Borrowing
    Dewey Decimal Classification     Alahram Central Library Central Library First floor 16/03/2010 Purchase 22.50 38   530 MUR 000020241 15/07/2025 16/03/2010 NB - Book (Non borrowing)